000 00582nam a22002055i 4500
001 169611
003 ES-MaACL
005 20250416221833.0
008 081022s1971 sp |||| | spa d
080 _a821.134.2-14"19"
100 1 _aVillena, Luis Antonio de,
_d1951-
_9240059
245 1 0 _aSublime solarium /
_cLuis Antonio de Villena.
250 _a1ยช ed.
260 _aMadrid :
_bAzur,
_c1971.
300 _a74 p. ;
_c20 cm.
490 1 _aBezoar ;
_v4
830 0 _aBezoar ;
_v4
_9188868
852 _aES-MaACL
_j2236-F-16
_9R.144011
999 _c169611
_d169611